| 000 | 00309nam a2200109Ia 4500 | ||
|---|---|---|---|
| 008 | 230907s9999||||xx |||||||||||||| ||und|| | ||
| 082 |
_a303.6 _bTER |
||
| 245 | 0 | _aTerrorism: Commentary on Security Documents : | |
| 260 |
_aOxford University Press, _bOxford : _c2016 |
||
| 300 | _aVol. 141 ; 376 p. | ||
| 942 | _cBK | ||
| 999 |
_c600735 _d600735 |
||